000 00312nam a2200109Ia 4500
008 190722s9999 xx 000 0 und d
020 _a978-1-25-900599-2
100 _aPrasanna Chandra
245 0 _aInvestment Analysis and Portfolio Management
260 _aNew Delhi
_bMcGraw Hill Edu. Pvt. Ltd.
_c2015
942 _cBK
999 _c569
_d569